Obálka Náhled e-knihy:
PDF
Pro půjčování e-knih musíte být přihlášeni.
Jak si půjčit online?

Star Wars : 5minutové příběhy z předaleké galaxie /

Bohatě ilustrované příběhy inspirované slavnou filmovou sérií.

Uloženo v:
Další autoři: Jančura, Marek (Překladatel)
Médium: E-kniha
Jazyk:Czech
Vydáno: V Praze : Egmont, 2022
Vydání:První vydání
Edice:Disney (Egmont)
Témata:
Tagy:
Žádné tagy
LEADER 02259nam a2200565 i 4500
001 311619
003 CZ PrSKC
005 20260601215708.0
007 ta
008 220801s2022 xr a b 000 j cze
015 |a cnb003438813 
020 |a 9788025251287  |q (vázáno) :  |c Kč 399,00 
035 |a (OCoLC)1344359640 
040 |a ABG001  |b cze  |d ABA001  |d OLA001  |e rda 
041 1 |a cze  |h eng 
072 7 |a 821.111(73)-3  |x Americká próza  |2 Konspekt 
072 7 |a 821-93  |x Literatura pro děti a mládež (beletrie)  |2 Konspekt 
080 |a 821.111(73)-32  |2 MRF 
080 |a 821-93  |2 MRF 
080 |a (0:82-321.9)  |2 MRF 
130 0 |a Star Wars: 5-minute stories strike back.  |l Česky 
245 1 0 |a Star Wars :  |b 5minutové příběhy z předaleké galaxie /  |c překlad Marek Jančura 
246 3 |a Pětiminutové příběhy z předaleké galaxie 
246 3 0 |a 5minutové příběhy z předaleké galaxie 
250 |a První vydání 
264 1 |a V Praze :  |b Egmont,  |c 2022 
300 |a 190 stran :  |b barevné ilustrace ;  |c 28 cm 
336 |a text  |b txt  |2 rdacontent 
336 |a statický obraz  |b sti  |2 rdacontent 
337 |a bez média  |b n  |2 rdamedia 
338 |a svazek  |b nc  |2 rdacarrier 
490 1 |a Disney 
500 |a Přeloženo z angličtiny 
520 2 |a Bohatě ilustrované příběhy inspirované slavnou filmovou sérií. 
521 8 |a Pro děti od 5 let 
546 |a Český text 
655 7 |a americké příběhy  |7 fd131795  |2 czenas 
655 7 |a vědecko-fantastické příběhy  |7 fd133358  |2 czenas 
655 7 |a publikace pro děti  |7 fd133156  |2 czenas 
655 9 |a American stories  |2 eczenas 
655 9 |a science fiction stories  |2 eczenas 
655 9 |a children's literature  |2 eczenas 
700 1 |a Jančura, Marek  |4 trl 
830 0 |a Disney (Egmont) 
900 |a ABA001  |b 21 
928 9 |a Albatros Media - Egmont 
044 |a xr 
910 |a RBIT002 
998 |d 357369  |a https://core.palmknihy.cz/api/books/357369/cover?sii0lx  |b https://core.palmknihy.cz/api/books/357369/cover/400?sii0lx  |c https://core.palmknihy.cz/api/books/357369/cover/50?sii0lx  |e 2026-12-31  |g 192  |i 9788025251287  |k https://core.palmknihy.cz/api/books/357369/preview.pdf  |l   |q 49  |r 1  |s https://www.palmknihy.cz/kniha/357369  |t ebook  |y 2022  |z 0 
999 |d 311617